The architectural antiquities of the Isle of Wight from the 11th to the 17th centuries inclusive (Record no. 114890)
[ view plain ]
| 000 -LEADER | |
|---|---|
| fixed length control field | 00614cam a22001815a 4500 |
| 001 - CONTROL NUMBER | |
| control field | L157643 |
| 008 - FIXED-LENGTH DATA ELEMENTS--GENERAL INFORMATION | |
| fixed length control field | 130220s1891 xxk f 000 0 eng d |
| 035 ## - SYSTEM CONTROL NUMBER | |
| System control number | (Sirsi) u157643 |
| 041 0# - LANGUAGE CODE | |
| Language code of text/sound track or separate title | eng |
| 100 1# - MAIN ENTRY--PERSONAL NAME | |
| Personal name | Stone, Percy Goddard |
| 245 04 - TITLE STATEMENT | |
| Title | The architectural antiquities of the Isle of Wight from the 11th to the 17th centuries inclusive |
| Remainder of title | Part 2 The West Medine |
| 260 ## - PUBLICATION, DISTRIBUTION, ETC. | |
| Place of publication, distribution, etc. | London |
| Name of publisher, distributor, etc. | the author |
| Date of publication, distribution, etc. | 1891 |
| 300 ## - PHYSICAL DESCRIPTION | |
| Extent | 206 p., plates |
| Other physical details | ill., maps, plans |
| Dimensions | 38 x 28.5 cm |
| 583 ## - ACTION NOTE | |
| Action | Condition reviewed |
| Time/date of action | 20120620 |
| Status | condition level 4 |
| 651 #4 - SUBJECT ADDED ENTRY--GEOGRAPHIC NAME | |
| Geographic name | Isle of Wight |
| 690 ## - LOCAL SUBJECT ADDED ENTRY--TOPICAL TERM (OCLC, RLIN) | |
| Topical term or geographic name as entry element | Design and specification |
| 942 ## - ADDED ENTRY ELEMENTS (KOHA) | |
| Suppress in OPAC | 0 |
| Withdrawn status | Lost status | Source of classification or shelving scheme | Damaged status | Not for loan | Home library | Current library | Shelving location | Date acquired | Total Checkouts | Full call number | Barcode | Date last seen | Copy number | Price effective from | Koha item type |
|---|---|---|---|---|---|---|---|---|---|---|---|---|---|---|---|
| Dewey Decimal Classification | Historic collection | Historic collection | Historic collection | 20/02/2013 | FOLIO 1891 STONE | 30078113 | 06/08/2019 | 1 | 06/08/2019 | Book |